00422nam a2200109Ia 4500008004100000041000800041082000800049100010500057245009100162260005100253300000800304221007s9999 xx 000 0 und d aeng bJAD aJadhav Pranali A - 2k131021; Prof.Arpita Singh - Guide & [Company Name] - ZF Steering Gear (India) aEmployee's Perception Towards Recruitment and Selection at ZF Steering Gear(India),LTD cSep-14bSavitribai Phule Pune UniversityaPune a63p